[Event "Marcio Eliseo de Freitas Cup"]
[Site "Rio de Janeiro"]
[Date "2015.12.17"]
[Round "5"]
[White "Malafaia, Raphael de Souza"]
[Black "Martins, Julio Perez"]
[Result "1/2-1/2"]
[WhiteElo "2265"]
[BlackElo "2240"]
[PlyCount "124"]
[EventDate "2015.12.15"]
[EventType "swiss"]
[EventRounds "7"]
[EventCountry "BRA"]
[SourceTitle "EXT 2018"]
[Source "ChessBase"]
[SourceDate "2017.10.13"]
[SourceVersion "1"]
[SourceVersionDate "2017.10.13"]
[SourceQuality "1"]

1. e4 c5 2. Nf3 d6 3. d4 cxd4 4. Nxd4 Nf6 5. Nc3 a6 6. Bg5 h6 7. Bxf6 gxf6 8. Bd3 Nc6 9. Nxc6 bxc6 10. 0-0 h5 11. f4 Bh6 12. Qf3 Qc7 13. Rae1 e5 14. f5 Qb6+ 15. Kh1 Qxb2 16. Ne2 h4 17. Rb1 Qa3 18. Rfd1 Bg5 19. Ng1 Qxa2 20. Ra1 Qb2 21. Rab1 Qc3 22. Rb3 Qc5 23. Be2 a5 24. Rc3 Qa7 25. Rxd6 a4 26. Rdxc6 Bd7 27. Rc7 Qb6 28. Bc4 Ra7 29. Rxa7 Qxa7 30. Qd1 0-0 31. Nf3 Qa5 32. Rd3 Qb4 33. Nxg5 fxg5 34. Qc1 Kh7 35. h3 Qxc4 36. Qxg5 Qxe4 37. Rxd7 Qf4 38. Qxf4 exf4 39. Ra7 Kh6 40. Rxa4 Kg5 41. Ra5 Rc8 42. f6+ Kxf6 43. Rh5 Rxc2 44. Rxh4 Kf5 45. Rh7 f6 46. Kg1 f3 47. gxf3 Kf4 48. Rf7 Kg3 49. Rg7+ Kxf3 50. h4 f5 51. Rg5 f4 52. h5 Rc1+ 53. Kh2 Rc6 54. Kh3 Kf2 55. Rg6 Rc1 56. Kg4 f3 57. Rf6 Rg1+ 58. Kf4 Rh1 59. h6 Kg2 60. Rg6+ Kf2 61. Ra6 Rh4+ 62. Kg5 Kg3 1/2-1/2

[Event "Marcio Eliseo de Freitas Cup"]
[Site "Rio de Janeiro"]
[Date "2015.12.17"]
[Round "6"]
[White "Martins, Julio Perez"]
[Black "Borensztajn, David"]
[Result "0-1"]
[WhiteElo "2240"]
[BlackElo "2158"]
[PlyCount "86"]
[EventDate "2015.12.15"]
[EventType "swiss"]
[EventRounds "7"]
[EventCountry "BRA"]
[SourceTitle "EXT 2018"]
[Source "ChessBase"]
[SourceDate "2017.10.13"]
[SourceVersion "1"]
[SourceVersionDate "2017.10.13"]
[SourceQuality "1"]

1. e4 b6 2. d4 e6 3. c4 d6 4. Nc3 Bb7 5. Nf3 Nd7 6. Be2 g6 7. 0-0 Bg7 8. Bg5 Ne7 9. Qd2 h6 10. Be3 a6 11. Rac1 Nf6 12. e5 Ng4 13. exd6 cxd6 14. Bf4 Rc8 15. b3 Nf6 16. Rfe1 Nh5 17. Be3 Nf6 18. Na4 Nd7 19. c5 Nf5 20. cxd6 Nxd6 21. Bf4 Ne4 22. Qd3 0-0 23. Rxc8 Qxc8 24. Rc1 Qa8 25. Rc7 Nef6 26. Ne5 Nxe5 27. dxe5 Nd5 28. Rxb7 Nxf4 29. Qd7 Nxe2+ 30. Kf1 Nc1 31. Nxb6 Qd8 32. f4 Nxa2 33. g3 Nc1 34. b4 g5 35. Qxd8 Rxd8 36. fxg5 hxg5 37. Nd7 Kh7 38. Nb8 g4 39. Nxa6 Rd1+ 40. Kg2 Rd2+ 41. Kf1 Bxe5 42. Rxf7+ Kg6 43. Rf8 Rxh2 0-1

[Event "Marcio Eliseo de Freitas Cup"]
[Site "Rio de Janeiro"]
[Date "2015.12.15"]
[Round "1"]
[White "Perez, Jamil"]
[Black "Martins, Julio Perez"]
[Result "0-1"]
[WhiteElo "2028"]
[BlackElo "2240"]
[PlyCount "60"]
[EventDate "2015.12.15"]
[EventType "swiss"]
[EventRounds "7"]
[EventCountry "BRA"]
[SourceTitle "EXT 2018"]
[Source "ChessBase"]
[SourceDate "2017.10.13"]
[SourceVersion "1"]
[SourceVersionDate "2017.10.13"]
[SourceQuality "1"]

1. e4 c5 2. Nf3 Nc6 3. d4 cxd4 4. Nxd4 Nf6 5. Nc3 d6 6. Bc4 e6 7. g4 Nxd4 8. Qxd4 Nxg4 9. Be2 Nf6 10. Be3 a6 11. 0-0-0 e5 12. Qd2 Be6 13. a3 Rc8 14. Rhg1 Rxc3 15. Qxc3 Nxe4 16. Qb4 f5 17. Qxb7 Qe7 18. Qxa6 f4 19. Ba7 Kf7 20. Bb5 g5 21. c4 Bh6 22. b4 Ra8 23. Qc6 Qxa7 24. Qxe4 Qxa3+ 25. Kd2 Qxb4+ 26. Ke2 Ra2+ 27. Kf3 Kf6 28. Qxh7 Qa3+ 29. Kg2 Bh3+ 30. Kh1 Qf3+ 0-1

[Event "Rio de Janeiro Trompowsky Memorial"]
[Site "Rio de Janeiro"]
[Date "2015.12.12"]
[Round "8"]
[White "Bede, Arnaldo Gomes"]
[Black "Martins, Julio Perez"]
[Result "1/2-1/2"]
[WhiteElo "2306"]
[BlackElo "2240"]
[PlyCount "107"]
[EventDate "2015.12.08"]
[EventType "tourn"]
[EventRounds "9"]
[EventCountry "BRA"]
[SourceTitle "EXT 2018"]
[Source "ChessBase"]
[SourceDate "2017.10.13"]
[SourceVersion "1"]
[SourceVersionDate "2017.10.13"]
[SourceQuality "1"]

1. e4 Nf6 2. Nc3 d5 3. e5 d4 4. exf6 dxc3 5. fxg7 cxd2+ 6. Bxd2 Bxg7 7. c3 e5 8. Nf3 Nc6 9. Bb5 Qd5 10. c4 Qe4+ 11. Be3 a6 12. Ba4 Bd7 13. 0-0 0-0-0 14. Qc2 Qxc2 15. Bxc2 f5 16. Rad1 e4 17. Ng5 Rdf8 18. b3 Be5 19. g3 h6 20. Nh3 Be8 21. Nf4 Bxf4 22. Bxf4 Bh5 23. Rd5 Nb4 24. Rd2 Nxc2 25. Rxc2 Bf3 26. Rd2 Rd8 27. Rxd8+ Rxd8 28. Bxh6 Rd2 29. Ra1 Rc2 30. h4 Kd7 31. Be3 Ke6 32. a3 Rb2 33. b4 Rc2 34. Kf1 Rxc4 35. Rc1 Kd5 36. Rxc4 Kxc4 37. Ke1 Kb3 38. Kd2 Kxa3 39. Kc3 Ka4 40. Bf4 c6 41. Bd6 b6 42. Kd4 Kb3 43. Ke5 Bg4 44. h5 Bxh5 45. Kxf5 a5 46. bxa5 bxa5 47. g4 Be8 48. g5 a4 49. Kxe4 a3 50. f4 a2 51. Be5 c5 52. Ba1 c4 53. Kd4 Bg6 54. Bc3 1/2-1/2

[Event "Rio de Janeiro Trompowsky Memorial"]
[Site "Rio de Janeiro"]
[Date "2015.12.12"]
[Round "9"]
[White "Martins, Julio Perez"]
[Black "Borensztajn, David"]
[Result "0-1"]
[WhiteElo "2240"]
[BlackElo "2158"]
[PlyCount "86"]
[EventDate "2015.12.08"]
[EventType "tourn"]
[EventRounds "9"]
[EventCountry "BRA"]
[SourceTitle "EXT 2018"]
[Source "ChessBase"]
[SourceDate "2017.10.13"]
[SourceVersion "1"]
[SourceVersionDate "2017.10.13"]
[SourceQuality "1"]

1. d4 e5 2. dxe5 Nc6 3. Nf3 Qe7 4. e4 Nxe5 5. Nc3 c6 6. Be2 d6 7. 0-0 Nf6 8. Bg5 h6 9. Bh4 Nxf3+ 10. Bxf3 g5 11. Bg3 Be6 12. Qd4 Rd8 13. Rad1 h5 14. e5 dxe5 15. Qxa7 Nd7 16. Ne4 h4 17. Qxb7 hxg3 18. hxg3 Bd5 19. c4 f5 20. cxd5 Qh7 21. Nf6+ Nxf6 22. Qxh7 Rxh7 23. Rfe1 e4 24. dxc6 Bb4 25. Rxd8+ Kxd8 26. Rd1+ Kc7 27. Be2 Kxc6 28. a3 Bc5 29. b4 Bb6 30. Rc1+ Kd6 31. Rd1+ Ke5 32. a4 e3 33. f4+ gxf4 34. gxf4+ Kxf4 35. Rf1+ Ke5 36. a5 Bd4 37. Re1 f4 38. b5 Nh5 39. g3 Nxg3 40. Bf3 Ne4 41. Bh1 Nd2 42. Re2 f3 43. Bxf3 Nxf3+ 0-1

[Event "Rio de Janeiro Trompowsky Memorial"]
[Site "Rio de Janeiro"]
[Date "2015.12.11"]
[Round "7"]
[White "Martins, Julio Perez"]
[Black "Elci, Pereira Diniz"]
[Result "1/2-1/2"]
[WhiteElo "2240"]
[BlackElo "2306"]
[PlyCount "84"]
[EventDate "2015.12.08"]
[EventType "tourn"]
[EventRounds "9"]
[EventCountry "BRA"]
[SourceTitle "EXT 2018"]
[Source "ChessBase"]
[SourceDate "2017.10.13"]
[SourceVersion "1"]
[SourceVersionDate "2017.10.13"]
[SourceQuality "1"]

1. d4 d5 2. c4 dxc4 3. Nc3 Nf6 4. e4 e6 5. e5 Nd5 6. Bxc4 c6 7. Nf3 Be7 8. 0-0 a5 9. a4 0-0 10. Ne4 Na6 11. Bg5 Bxg5 12. Nfxg5 h6 13. Nf3 Bd7 14. Rc1 b5 15. axb5 cxb5 16. Bxd5 exd5 17. Nd6 b4 18. Ne1 Nc7 19. Nd3 Nb5 20. Nxb5 Bxb5 21. Re1 Bxd3 22. Qxd3 Qb6 23. Rc5 Rfc8 24. Rxd5 a4 25. Rb5 Qa6 26. Rd1 a3 27. bxa3 bxa3 28. Ra1 Qg6 29. Qxg6 fxg6 30. d5 Rc2 31. d6 Rd2 32. Rb3 a2 33. f4 Kf8 34. Rb7 Ra4 35. h3 Re4 36. Ra7 Ree2 37. Rc1 Kg8 38. g3 Rg2+ 39. Kh1 Kh7 40. d7 Rh2+ 41. Kg1 Rhg2+ 42. Kf1 Rgf2+ 1/2-1/2

[Event "Rio de Janeiro Larsen Memorial"]
[Site "Rio de Janeiro"]
[Date "2015.10.16"]
[Round "7"]
[White "Borensztajn, David"]
[Black "Martins, Julio Perez"]
[Result "1-0"]
[WhiteElo "2165"]
[BlackElo "2249"]
[PlyCount "157"]
[EventDate "2015.10.13"]
[EventType "swiss"]
[EventRounds "7"]
[EventCountry "BRA"]
[SourceTitle "EXT 2018"]
[Source "ChessBase"]
[SourceDate "2017.10.13"]
[SourceVersion "1"]
[SourceVersionDate "2017.10.13"]
[SourceQuality "1"]

1. c4 e5 2. Nc3 Nf6 3. g3 Nc6 4. Bg2 Bb4 5. Qc2 0-0 6. Nf3 Bxc3 7. Qxc3 d6 8. d3 h6 9. b4 e4 10. Nd4 Nxd4 11. Qxd4 exd3 12. exd3 Re8+ 13. Be3 c5 14. Qc3 Ng4 15. Kd2 Nxf2 16. Rhf1 Nh3 17. Rfe1 cxb4 18. Qxb4 Bg4 19. Rab1 Rc8 20. Qxb7 Rc7 21. Qb5 Re5 22. Qb4 Ng5 23. h4 Nf3+ 24. Bxf3 Bxf3 25. Bd4 Rxe1 26. Rxe1 Rb7 27. Qa4 Re7 28. Re3 Rxe3 29. Kxe3 Bh5 30. Kd2 Qa8 31. Qxa7 Qg2+ 32. Bf2 Bg6 33. Qd4 Qf1 34. a4 Bxd3 35. Qxd3 Qxf2+ 36. Kc3 Qa7 37. Qxd6 Qxa4 38. Qd8+ Kh7 39. Qd3+ Kg8 40. c5 Qa5+ 41. Kd4 Qb4+ 42. Kd5 Qa5 43. Qb3 Qc7 44. h5 Qd8+ 45. Kc4 Qe8 46. Qb6 Kh7 47. Qd6 Qa4+ 48. Kd5 Qa7 49. c6 Qa2+ 50. Ke4 Qc4+ 51. Ke3 Qc1+ 52. Ke2 Qb2+ 53. Kf1 Qb1+ 54. Kf2 Qb6+ 55. Ke1 Qe3+ 56. Kd1 Qb6 57. Qd7 Qb3+ 58. Kd2 Qb2+ 59. Kd3 Qb5+ 60. Ke4 Qc4+ 61. Kf3 Qc3+ 62. Kg2 Qc2+ 63. Kf1 Qc4+ 64. Kf2 Qc5+ 65. Ke2 Qe5+ 66. Kd1 Qxh5+ 67. g4 Qh3 68. Kd2 Qh2+ 69. Kc3 Qe5+ 70. Kc4 Qe4+ 71. Kb5 Qe2+ 72. Kb6 Qb2+ 73. Kc7 Qa3 74. Qf5+ Kh8 75. Qd5 h5 76. Kd7 Qa4 77. Ke7 Qf4 78. Qd8+ Kh7 79. c7 1-0

[Event "Rio de Janeiro Larsen Memorial"]
[Site "Rio de Janeiro"]
[Date "2015.10.16"]
[Round "6"]
[White "Botelho, Fabio Gabriel Cardo"]
[Black "Martins, Julio Perez"]
[Result "0-1"]
[WhiteElo "2127"]
[BlackElo "2249"]
[PlyCount "66"]
[EventDate "2015.10.13"]
[EventType "swiss"]
[EventRounds "7"]
[EventCountry "BRA"]
[SourceTitle "EXT 2018"]
[Source "ChessBase"]
[SourceDate "2017.10.13"]
[SourceVersion "1"]
[SourceVersionDate "2017.10.13"]
[SourceQuality "1"]

1. d4 d5 2. Nc3 g6 3. e4 dxe4 4. f3 exf3 5. Qxf3 Qxd4 6. Be3 Qe5 7. 0-0-0 Bh6 8. Bxh6 Nxh6 9. Rd5 Qf6 10. Qd1 0-0 11. Nf3 Bg4 12. h3 Bxf3 13. gxf3 Nc6 14. h4 Rad8 15. h5 Qf4+ 16. Kb1 Nf5 17. hxg6 fxg6 18. Rxd8 Rxd8 19. Bd3 b6 20. a3 Ncd4 21. Be4 Ng3 22. Re1 e6 23. Qd3 c5 24. Qc4 Qf7 25. Rd1 h5 26. Nb5 Nxe4 27. fxe4 Qf3 28. Rf1 Qxe4 29. Nxd4 Rxd4 30. Qa6 Rd2 31. Qc8+ Kh7 32. Qc7+ Kh6 33. Rc1 h4 0-1

[Event "Rio de Janeiro Euwe Memorial 2nd"]
[Site "Rio de Janeiro"]
[Date "2015.08.18"]
[Round "7"]
[White "Martins, Julio Perez"]
[Black "Elci, Pereira Diniz"]
[Result "1/2-1/2"]
[WhiteElo "2253"]
[BlackElo "2291"]
[PlyCount "61"]
[EventDate "2015.08.15"]
[EventType "swiss"]
[EventRounds "7"]
[EventCountry "BRA"]
[SourceTitle "EXT 2016"]
[Source "ChessBase"]
[SourceDate "2015.10.08"]
[SourceVersion "1"]
[SourceVersionDate "2015.10.08"]
[SourceQuality "1"]

1. e4 c5 2. Nf3 d6 3. d4 cxd4 4. Nxd4 Nf6 5. Nc3 a6 6. Be2 e5 7. Nb3 Be7 8. 0-0 0-0 9. Be3 Be6 10. Qd2 Nbd7 11. Rfd1 Rc8 12. a4 Nb6 13. a5 Nc4 14. Bxc4 Bxc4 15. f3 Rc6 16. Bb6 Qc8 17. Nc1 d5 18. exd5 Nxd5 19. Nxd5 Bxd5 20. c3 Bc4 21. b3 Be6 22. c4 Rd6 23. Qe2 Rxd1+ 24. Qxd1 Qd7 25. Qxd7 Bxd7 26. Nd3 f6 27. Nc5 Bxc5+ 28. Bxc5 Rc8 29. Bb6 Kf7 30. Rd1 Ke6 31. Kf2 1/2-1/2

[Event "Rio de Janeiro Euwe Memorial 2nd"]
[Site "Rio de Janeiro"]
[Date "2015.08.17"]
[Round "4"]
[White "Fernandez, Diego"]
[Black "Martins, Julio Perez"]
[Result "0-1"]
[WhiteElo "2133"]
[BlackElo "2253"]
[PlyCount "118"]
[EventDate "2015.08.15"]
[EventType "swiss"]
[EventRounds "7"]
[EventCountry "BRA"]
[SourceTitle "EXT 2016"]
[Source "ChessBase"]
[SourceDate "2015.10.08"]
[SourceVersion "1"]
[SourceVersionDate "2015.10.08"]
[SourceQuality "1"]

1. b4 e5 2. Bb2 d6 3. e3 Nf6 4. c4 Be7 5. Nf3 0-0 6. Be2 b6 7. 0-0 Bb7 8. d4 exd4 9. exd4 c5 10. dxc5 bxc5 11. b5 d5 12. cxd5 Nxd5 13. Nbd2 Bf6 14. Bxf6 Nxf6 15. Nc4 Nbd7 16. Qd2 Nb6 17. Qxd8 Raxd8 18. Nfe5 Rfe8 19. f4 Nfd5 20. Bf3 f6 21. Bxd5+ Bxd5 22. Nxb6 axb6 23. Nf3 Re4 24. g3 Rb4 25. a4 Be4 26. Ra3 c4 27. Re1 Rb3 28. Rxb3 cxb3 29. Rxe4 Rd1+ 30. Kf2 b2 31. Rb4 b1Q 32. Rxb1 Rxb1 33. Nd4 Rb4 34. Ke3 Rxa4 35. Ke4 f5+ 36. Kd5 g6 37. Nf3 Kf7 38. Kc6 Ke7 39. Kxb6 Kd6 40. Ne5 Rb4 41. Nd3 Rb1 42. Ne5 Rb3 43. Nc4+ Kd5 44. Ne5 Rb2 45. Ka6 Ra2+ 46. Kb6 Rxh2 47. Ka6 Kc5 48. b6 Rg2 49. Ka7 Rxg3 50. b7 Ra3+ 51. Kb8 Rb3 52. Kc7 Kd4 53. Nd7 Rxb7+ 54. Kxb7 Ke4 55. Nf8 Kxf4 56. Nxh7 g5 57. Nf6 g4 58. Nh5+ Kf3 59. Ng7 f4 0-1

[Event "Rio de Janeiro Nezhmetdinov Memorial"]
[Site "Rio de Janeiro"]
[Date "2015.04.24"]
[Round "3"]
[White "Botelho, Fabio Gabriel Cardo"]
[Black "Martins, Julio Perez"]
[Result "1/2-1/2"]
[WhiteElo "2199"]
[BlackElo "2228"]
[PlyCount "28"]
[EventDate "2015.04.23"]
[EventType "swiss"]
[EventRounds "7"]
[EventCountry "BRA"]
[SourceTitle "CBM 166 Extra"]
[Source "ChessBase"]
[SourceDate "2015.06.18"]
[SourceVersion "1"]
[SourceVersionDate "2015.06.18"]
[SourceQuality "1"]

1. c4 Nf6 2. Nc3 g6 3. e4 d6 4. d4 Bg7 5. Nf3 0-0 6. Be2 e5 7. 0-0 Nc6 8. d5 Ne7 9. Nd2 c6 10. b4 a5 11. bxa5 Qxa5 12. Qc2 c5 13. Nb3 Qd8 14. Rd1 Nd7 1/2-1/2

[Event "Rio de Janeiro Vaz Memorial 1st"]
[Site "Rio de Janeiro"]
[Date "2014.12.12"]
[Round "3"]
[White "Juer, Jayme Jacob E"]
[Black "Martins, Julio Perez"]
[Result "1-0"]
[WhiteElo "2128"]
[BlackElo "2253"]
[PlyCount "145"]
[EventDate "2014.12.11"]
[EventType "swiss"]
[EventRounds "7"]
[EventCountry "BRA"]
[SourceTitle "EXT 2018"]
[Source "ChessBase"]
[SourceDate "2017.10.13"]
[SourceVersion "1"]
[SourceVersionDate "2017.10.13"]
[SourceQuality "1"]

1. d4 d5 2. c4 dxc4 3. Nf3 Nf6 4. e3 b5 5. a4 b4 6. Bxc4 e6 7. 0-0 a5 8. Nbd2 Be7 9. Qc2 0-0 10. Nb3 Bb7 11. Ne5 c5 12. Nxc5 Bxc5 13. dxc5 Qc7 14. Nd3 Ng4 15. f4 Nd7 16. h3 Ngf6 17. b3 Nxc5 18. Nxc5 Qxc5 19. Re1 Ne4 20. Bb2 Rac8 21. Qe2 Rfd8 22. Bd4 Qe7 23. Rac1 f5 24. Red1 Ng3 25. Qe1 Ne4 26. Bb6 Rxd1 27. Rxd1 Nd6 28. Bxa5 Nxc4 29. Bxb4 Qe8 30. bxc4 Rxc4 31. a5 h6 32. Rd4 Rc2 33. Rd2 Rxd2 34. Qxd2 Qc6 35. Bc3 Qd5 36. Qb2 Qd7 37. Be5 Ba6 38. Qb8+ Kh7 39. Bd4 Bd3 40. Qb6 Be4 41. a6 e5 42. fxe5 Qa4 43. e6 Qd1+ 44. Kh2 Qf1 45. Qb2 Qxa6 46. Bxg7 Qxe6 47. Bd4 Bd5 48. Qb8 Qf7 49. Qe5 Bc4 50. e4 f4 51. Qh8+ Kg6 52. Qb8 Kh7 53. Kg1 f3 54. Qh8+ Kg6 55. Be3 Qg7 56. Qxg7+ Kxg7 57. gxf3 Kg6 58. Kf2 Kf6 59. Kg3 Bd3 60. Kf4 Be2 61. Kg4 h5+ 62. Kf4 Bd1 63. Bd4+ Kf7 64. Bb6 Be2 65. Ke3 Bd1 66. h4 Bb3 67. f4 Ke6 68. f5+ Kd6 69. Kf4 Bc4 70. Bf2 Kc6 71. e5 Kd7 72. e6+ Ke7 73. Ke5 1-0

[Event "Rio de Janeiro Jacome Memorial"]
[Site "Rio de Janeiro"]
[Date "2013.11.28"]
[Round "6"]
[White "Martins, Julio Perez"]
[Black "Cunha, Eduardo Arruda da G"]
[Result "1/2-1/2"]
[WhiteElo "2224"]
[BlackElo "2169"]
[PlyCount "100"]
[EventDate "2013.11.20"]
[EventType "tourn"]
[EventRounds "7"]
[EventCountry "BRA"]
[SourceTitle "CBM 157 Extra"]
[Source "ChessBase"]
[SourceDate "2013.12.19"]
[SourceVersion "1"]
[SourceVersionDate "2013.12.19"]
[SourceQuality "1"]

1. e4 c5 2. Nf3 d6 3. d4 cxd4 4. Nxd4 Nf6 5. Nc3 a6 6. Bg5 e6 7. f4 Be7 8. Qf3 Qc7 9. 0-0-0 Nbd7 10. Kb1 b5 11. Bxf6 Nxf6 12. e5 Bb7 13. Qg3 dxe5 14. fxe5 0-0-0 15. exf6 Qxg3 16. hxg3 Bxf6 17. Nf3 b4 18. Bxa6 Bxa6 19. Rxd8+ Rxd8 20. Ne4 Be7 21. Neg5 Bxg5 22. Nxg5 h6 23. Nxf7 Rd2 24. Rg1 Re2 25. Nd6+ Kd7 26. Rd1 Rxg2 27. Nf5+ Ke8 28. Nxg7+ Kf7 29. Rd7+ Kf6 30. b3 Be2 31. Ne8+ Ke5 32. Rd2 Rg1+ 33. Kb2 Bf3 34. Rd6 Rxg3 35. Rb6 Rg4 36. Rb5+ Bd5 37. a4 bxa3+ 38. Kxa3 Rg8 39. Nc7 Rc8 40. Nxd5 exd5 41. c4 Ra8+ 42. Kb2 Rd8 43. Kc3 h5 44. Kd3 Rd7 45. Ke3 h4 46. Kf3 Kd4 47. cxd5 h3 48. Kg3 Rxd5 49. Rxd5+ Kxd5 50. Kxh3 Kc5 1/2-1/2

[Event "Rio de Janeiro CC-ch"]
[Site "Rio de Janeiro"]
[Date "2013.11.15"]
[Round "3"]
[White "Martins, Julio Perez"]
[Black "Cunha, Eduardo Arruda da G"]
[Result "0-1"]
[WhiteElo "2224"]
[BlackElo "2169"]
[PlyCount "88"]
[EventDate "2013.11.14"]
[EventType "tourn"]
[EventRounds "11"]
[EventCountry "BRA"]
[SourceTitle "EXT 2018"]
[Source "ChessBase"]
[SourceDate "2017.10.13"]
[SourceVersion "1"]
[SourceVersionDate "2017.10.13"]
[SourceQuality "1"]

1. e4 c5 2. Nf3 d6 3. d4 cxd4 4. Nxd4 Nf6 5. Nc3 a6 6. Be3 e6 7. f3 b5 8. Qd2 Nbd7 9. g4 b4 10. Na4 Qa5 11. b3 h6 12. 0-0-0 Bb7 13. Kb1 Nc5 14. Nxc5 dxc5 15. Ne2 Be7 16. h4 Rd8 17. Qc1 Rxd1 18. Qxd1 c4 19. bxc4 Nd7 20. Nd4 Qc7 21. Nb3 0-0 22. g5 h5 23. Qe1 a5 24. Bd3 Ba6 25. Qf1 Rc8 26. f4 a4 27. Nd2 Nb6 28. g6 fxg6 29. Qh3 Qc6 30. e5 Nxc4 31. Nxc4 Bxc4 32. Bxg6 Bd5 33. Rh2 Qc4 34. Kc1 Qxa2 35. Kd1 Qb1+ 36. Ke2 Rxc2+ 37. Bxc2 Qxc2+ 38. Ke1 Qb1+ 39. Ke2 a3 40. Bd4 b3 41. Qc3 b2 42. Qc8+ Kh7 43. Qc3 Qc1 44. Qd3+ Kg8 0-1

[Event "Natal-ch"]
[Site "Mangaratiba"]
[Date "2009.12.28"]
[Round "2.3"]
[White "Vieira, Icaro Antonio Geral"]
[Black "Martins, Julio Perez"]
[Result "0-1"]
[WhiteElo "2184"]
[BlackElo "2212"]
[PlyCount "106"]
[EventDate "2009.12.28"]
[EventType "swiss"]
[EventRounds "7"]
[EventCountry "BRA"]
[SourceTitle "EXT 2022"]
[Source "ChessBase"]
[SourceDate "2021.10.06"]
[SourceVersion "1"]
[SourceVersionDate "2021.10.06"]
[SourceQuality "1"]

1. c4 e6 2. d4 Nf6 3. Nc3 d5 4. Nf3 Be7 5. Bg5 h6 6. Bxf6 Bxf6 7. e3 0-0 8. Be2 dxc4 9. Bxc4 c5 10. 0-0 cxd4 11. Nxd4 Qb6 12. b3 Nc6 13. Nde2 Ne5 14. Qc2 Bd7 15. Rac1 Rfd8 16. Rfd1 Rac8 17. Qb1 Nxc4 18. bxc4 Rxc4 19. Ne4 Qxb1 20. Nxf6+ gxf6 21. Rxb1 b6 22. Rd2 Kf8 23. Rbd1 Ke7 24. Nf4 b5 25. h3 b4 26. g4 a5 27. Nh5 Rc7 28. Kh2 Rdc8 29. Rd6 Ba4 30. R1d4 Bc6 31. Rd1 Bd5 32. Ra6 Ra8 33. Rxa8 Bxa8 34. Rd2 Rc1 35. Nf4 Be4 36. Ne2 Re1 37. Kg3 Ra1 38. Nd4 a4 39. f3 Bd5 40. Rb2 Rxa2 41. Rxb4 Kd6 42. Rb5 a3 43. Ra5 Bc4 44. f4 e5 45. Nf5+ Kc6 46. Ne7+ Kb6 47. Ra4 Kb5 48. Ra8 Ra1 49. Rb8+ Ka4 50. Ra8+ Kb3 51. Rb8+ Kc3 52. Ra8 a2 53. Kh4 Rb1 0-1